Catálogo
 En Linea

Watunna : (Registro nro. 20813)

Detalles MARC
000 -CABECERA
campo de control de longitud fija 00616nam a2200181 a 4500
001 - NÚMERO DE CONTROL
campo de control 000021313
005 - FECHA Y HORA DE LA ÚLTIMA TRANSACCIÓN
campo de control 20200930011307.0
008 - DATOS DE LONGITUD FIJA--INFORMACIÓN GENERAL
campo de control de longitud fija 100904s1970 ve ac r 000 0 spa d
040 ## - FUENTE DE LA CATALOGACIÓN
Centro catalogador/agencia de origen DO-SdBNP
Lengua de catalogación spa
Centro/agencia transcriptor BNPHU
082 ## - NÚMERO DE LA CLASIFICACIÓN DECIMAL DEWEY
Número de clasificación 398.2
Número de documento/Ítem C582w
049 ## - FONDOS LOCALES (OCLC)
Fondos de biblioteca BNGR
100 1# - ENTRADA PRINCIPAL--NOMBRE DE PERSONA
Nombre de persona Civrieux, Jean-Marc de,
9 (RLIN) 44538
245 10 - MENCIÓN DE TÍTULO
Título Watunna :
Resto del título mitología makiritare /
Mención de responsabilidad, etc. Marc de Civrieux.
260 ## - PUBLICACIÓN, DISTRIBUCIÓN, ETC.
Lugar de publicación, distribución, etc. Caracas, (venezuela) :
Nombre del editor, distribuidor, etc. Monte Ávila Editores,
Fecha de publicación, distribución, etc. 1970.
300 ## - DESCRIPCIÓN FÍSICA
Extensión 236, [14] p. :
Otras características físicas il., retrs. ;
Dimensiones 24 cm.
650 #4 - PUNTO DE ACCESO ADICIONAL DE MATERIA--TÉRMINO DE MATERIA
Término de materia o nombre geográfico como elemento de entrada Mitología indígena
Subdivisión general Historia
Subdivisión geográfica Venezuela
9 (RLIN) 44539
650 #4 - PUNTO DE ACCESO ADICIONAL DE MATERIA--TÉRMINO DE MATERIA
Término de materia o nombre geográfico como elemento de entrada Religión primitiva
Subdivisión general Historia
Subdivisión geográfica Venezuela
9 (RLIN) 44540
Existencias
Estado de retiro Estado de pérdida Restricciones de uso No para préstamo Código de colección Localización permanente Ubicación/localización actual Ubicación en estantería Fecha de adquisición Número de inventario Total de préstamos Signatura topográfica completa Código de barras Fecha visto por última vez Precio válido a partir de Tipo de ítem Koha
        Monografías: Libros y Folletos General General En catalogación 04.09.2010 LF1   398.2 C582w 21313-10 25.06.2020 25.06.2020 Préstamo en sala

Con tecnología Koha